Word Ladder: Unstable Table Quiz Stats

Quiz Updated Sep 8, 2015

Challenge
Share
Tweet
Embed
Score 0/40 Timer 06:00
0 Plays Today
Clue 4-Letter Word % Correct
A holier-than-____ attitudeTHOU
89.8%
Fallon's 'Tonight' or Stewart's 'Daily'SHOW
89.7%
Slangily, a fast food drive-____THRU
89.2%
____ she blows!THAR
87.8%
A Senator's six yearsTERM
87.6%
A doubly gendered institutionCO-ED
79%
With '-ium', #90☢THOR-☢
78.1%
____ Got a Ticket to RideSHE'S
78%
SeabirdTERN
77.7%
'Pygmalion' penmanSHAW
75.1%
To be covered, as in a footSHOD
73.2%
Recipe directiveTHAW
72.6%
Joel D. and Ethan J.COEN
71.6%
Executioner garbHOOD
69.5%
Archaic version of above rung (Comin' ____ the Rye)THRO
66.2%
Exclaimed Beatles album and songHELP!
66%
Dug up the earthHOED
64.6%
Cosmetic butterSHEA
63.3%
Matador opponentTORO
61.7%
University of Maryland mascotTERP
61.2%
Clue 4-Letter Word % Correct
To Bugs Bunny, it means warTHIS
56.2%
NT book, abbr.THES.
52.1%
UndecidedTORN
52%
Partner of 'derp' or a reptilian prefixHERP
51.5%
Wilson Rawl's red plantFERN
51.2%
With '-ium', #100☢FERM-☢
48.9%
Zig or zagTURN
48.8%
A large crucifix above a church entranceROOD
48.5%
Gold of 'Entourage' and Bush's Fleischer, e.g.ARIS
48.3%
With '-ium', #45☢RHOD-☢
47.8%
Main character of 'Divergent'TRIS
46.8%
The last of the Southern Dynasties in ChinaCHEN
46.2%
Like the AtacamaARID
40.8%
Ostrichlike daughter of Gaea?RHEA
35.6%
With '-ium', #75☢RHEN-☢
30.9%
Where Steamboat Willie is most famously locatedHELM
30.5%
With '-ium', #77☢IRID-☢
26.4%
With '-ium', #65☢TERB-☢
24.9%
Latin root meaning to 'stir up'TURB
20.6%
With '-ium', #67☢HOLM-☢
17.5%

Today's Daily Dose

Missing Word
1998 A-Z Movies

Word Ladder
5 Vowel Sounds

Quick Pick
Legal Terms

On This Day
June 25th II

You're not logged in!

Compare scores with friends on all Sporcle quizzes.
Join for Free
OR
Log In

You Might Also Like...

Show Comments

Extras

Top Quizzes Today


Score Distribution

Your Account Isn't Verified!

In order to create a playlist on Sporcle, you need to verify the email address you used during registration. Go to your Sporcle Settings to finish the process.

Report this User

Report this user for behavior that violates our Community Guidelines.

Details: